<?xml version="1.0" encoding="UTF-8"?>
<record
    xmlns:xsi="http://www.w3.org/2001/XMLSchema-instance"
    xsi:schemaLocation="http://www.loc.gov/MARC21/slim http://www.loc.gov/standards/marcxml/schema/MARC21slim.xsd"
    xmlns="http://www.loc.gov/MARC21/slim">

  <leader>00357nam a2200133 a 4500</leader>
  <controlfield tag="005">20140513081058.0</controlfield>
  <controlfield tag="008">080110s19uu    xx            00    eng d</controlfield>
  <datafield tag="050" ind1=" " ind2=" ">
    <subfield code="a">VCD</subfield>
    <subfield code="b">Bu917 2008</subfield>
  </datafield>
  <datafield tag="245" ind1=" " ind2=" ">
    <subfield code="a">Buzby and the Grumble Bees.</subfield>
  </datafield>
  <datafield tag="260" ind1=" " ind2=" ">
    <subfield code="b">Heartshaper,</subfield>
    <subfield code="c">2008.</subfield>
    <subfield code="a">Philippines :</subfield>
  </datafield>
  <datafield tag="440" ind1=" " ind2=" ">
    <subfield code="a">Hermie and friends</subfield>
  </datafield>
  <datafield tag="650" ind1=" " ind2=" ">
    <subfield code="a">Behaving- fiction.</subfield>
  </datafield>
  <datafield tag="999" ind1=" " ind2=" ">
    <subfield code="c">116618</subfield>
    <subfield code="d">116618</subfield>
  </datafield>
  <datafield tag="952" ind1=" " ind2=" ">
    <subfield code="0">0</subfield>
    <subfield code="1">0</subfield>
    <subfield code="4">0</subfield>
    <subfield code="a">EL</subfield>
    <subfield code="b">EL</subfield>
    <subfield code="c">AV</subfield>
    <subfield code="d">2009-09-09</subfield>
    <subfield code="e">Lib. Fund</subfield>
    <subfield code="g">150.00</subfield>
    <subfield code="l">0</subfield>
    <subfield code="o">VCD Bu917 2008</subfield>
    <subfield code="p">E727</subfield>
    <subfield code="r">2014-05-13 00:00:00</subfield>
    <subfield code="w">2014-05-13</subfield>
    <subfield code="y">AVM</subfield>
  </datafield>
</record>
